Social frame work (Record no. 1442631)

MARC details
000 -LEADER
fixed length control field 00547nam a2200205Ia 4500
005 - DATE AND TIME OF LATEST TRANSACTION
control field 20250923144730.0
008 - FIXED-LENGTH DATA ELEMENTS--GENERAL INFORMATION
fixed length control field 008 250917s9999 xx 000 0 eng d
037 ## - SOURCE OF ACQUISITION
Stock number Textual
040 ## - CATALOGING SOURCE
Original cataloging agency DSWL
Language of cataloging eng
Transcribing agency DSWL
041 ## - LANGUAGE CODE
Language code of text/sound track or separate title eng
Source of code eng
084 ## - COLON CLASSIFICATION NUMBER
Classification number X, K03
Assigning agency DSWL
100 ## - MAIN ENTRY--PERSONAL NAME
Personal name Hicks, J.R.
9 (RLIN) 827839
245 #0 - TITLE STATEMENT
Title Social frame work
Statement of responsibility, etc. by J.R. Hicks
260 ## - PUBLICATION, DISTRIBUTION, ETC.
Place of publication, distribution, etc. Clarendon
Name of publisher, distributor, etc. Oxford Clarendon Press
Date of publication, distribution, etc. 1960
300 ## - PHYSICAL DESCRIPTION
Extent xii,272p.
365 ## - TRADE PRICE
Price type code INR
Price amount 18
925 ## -
-- 18
942 ## - ADDED ENTRY ELEMENTS (KOHA)
Koha item type Textual
Classification part X, K03
Holdings
Withdrawn status Lost status Damaged status Not for loan Home library Current library Date acquired Total Checkouts Full call number Barcode Date last seen Price effective from Koha item type
        Department of Social Work Library Department of Social Work Library 2025-09-23   X, K03 SW0007137 2025-09-23 2025-09-23 Textual
Copyright @ Delhi University Library System